000 00903nas a2200301 4500
001 BR9501146
003 BR-BrBNA
005 20231205093904.0
007 ta
008 230509b bl.|||p| |||| 00| 00por d
040 _aBR-BrBNA
_bpor
_cBiblioteca Nacional de Agricultura
041 _a(Pt)
072 _aM12
100 1 _aWirz, R.R.
100 1 _aFontanello, D.
100 1 _aFreitas, E.A.N. de
100 1 _aSoares, H.A.
100 1 _aFerreira, C.M.
245 1 _aDesenvolvimento ponderal de ras-touro (Rana catesbeiana SHAW, 1802), criadas em gaiolas com difencas estruturais internas
650 _aRa Touro
650 _aConfinamento
650 _aGaiola
650 _aRacao
650 _aGanho de Peso
773 0 _tBoletim do Instituto de Pesca (Brazil)
_xISSN 0046-9939
_g(1993), v. 20 p. 35-41
_wBR9501146
909 _a202311
_bLúcia
_c55
_dLúcia Elande
942 _2AGRIS
_n0
_cANA
999 _c140929
_d140929